Mike Meyers' A+ guide to PC hardware lab manual / (رقم التسجيلة. 783)
[ عرض عادي ]
| 000 -الفاتح | |
|---|---|
| حقل البيانات ثابتة الطول | 00850nam a2200253Ia 4500 |
| 001 - رقم الضبط | |
| رقم الضبط | 53242047 |
| 003 - محدد رقم الضبط | |
| رقم الضبط | OCoLC |
| 005 - وقت وتاريخ اخر تعامل مع التسجيلة | |
| رقم الضبط | 20150408113723.0 |
| 008 - عناصر البيانات ثابتة الطول - معلومات عامة | |
| حقل البيانات ثابتة الطول | 031013s2004 nyua 001 0 eng d |
| 015 ## - رقم الببليوجرافية الوطنية | |
| رقم الببليوجرافية الوطنية | GBA3-U1261 |
| 020 ## - الرقم الدولى المعيارى للكتب | |
| الرقم الدولى المعيارى للكتاب | 007223122X |
| 040 ## - مصدر الفهرسة | |
| وكالة الفهرسة الأصلية | UKM |
| وكالة النسخ | UKM |
| وكالة التعديل | CIN |
| 082 04 - رقم تصنيف ديوى العشرى | |
| رقم التصنيف | 621.3916 |
| رقم الطبعة | 21 |
| 100 1# - المدخل الرئيسى - إسم شخصى | |
| الإسم الشخصى | Meyers, Michael, |
| التواريخ المصاحبة للاسم | 1961- |
| 9 (RLIN) | 4777 |
| 245 10 - بيان العنوان | |
| العنوان | Mike Meyers' A+ guide to PC hardware lab manual / |
| بيان المسئوليه,etc | Michael Meyers, Lloyd Jeffries. |
| 246 30 - العنوان الموازى | |
| عنوان صحيح/عنوان مختصر | A+ guide to PC hardware lab manual. |
| 246 30 - العنوان الموازى | |
| عنوان صحيح/عنوان مختصر | PC hardware lab manual. |
| 260 ## - PUBLICATION, DISTRIBUTION, ETC. (IMPRINT) | |
| مكان الناشر او الموزع | New York |
| اسم الناشر او الموزع | McGraw-Hill Technology Education, |
| تاريخ النشر أو التوزيع | c2004. |
| 300 ## - الوصف المادى | |
| التعداد | xv, 267 p. |
| تفاصيل ماديه اخرى للوعاء | ill. ; |
| أبعاد الوعاء | 28 cm. |
| 650 ## - المدخل الاضافى بالموضوع-مصطلح موضوعى | |
| التقسيم الفرعي العام | Maintenance and repair |
| التقسيم الفرعي الشكلي | Laboratory manuals. 0 |
| مصدر الرأس أو المصطلح | Microcomputers |
| 9 (RLIN) | 4784 |
| 650 ## - المدخل الاضافى بالموضوع-مصطلح موضوعى | |
| مصطلح موضوعي أو اسم جغرافي كعنصر مدخل | Computer technicians |
| التقسيم الفرعي العام | Certification.1 |
| 9 (RLIN) | 4785 |
| 700 ## - المدخل الاضافى - اسم شخصى | |
| الإسم الشخصى | Jeffries, Lloyd |
| 9 (RLIN) | 4786 |
| 942 ## - عناصر المدخل الإضافي( كوها) | |
| مصدر التصنيف او مخطط الترفيف | Dewey Decimal Classification |
| Koha [default] item type | DVD |
| حالة الفقد | نموذج السعر الفعال | حالة تلف | ليس للاعارة | رقم الطلب | تاريخ الاكتساب | الموقع الحالي | الباركود | الفرع الرئيسي | Date last seen | نوع المادة فى نظام كوها | مصدر التصنيف او خطة الترفيف | Total Checkouts |
|---|---|---|---|---|---|---|---|---|---|---|---|---|
| 2013-03-10 | 621.3916 M M M | 2011-09-22 | المكتبة المركزية بالمجمعة (CL) | 00048907 | المكتبة المركزية بالمجمعة (CL) | 2013-03-10 | كتاب | Dewey Decimal Classification | ||||
| 2013-03-10 | 621.3916 M M M | 2011-09-22 | المكتبة المركزية بالمجمعة (CL) | 00048906 | المكتبة المركزية بالمجمعة (CL) | 2013-03-10 | كتاب | Dewey Decimal Classification | ||||
| 2013-03-10 | 621.3916 M M M | 2011-09-22 | المكتبة المركزية بالمجمعة (CL) | 00048904 | المكتبة المركزية بالمجمعة (CL) | 2013-03-10 | كتاب | Dewey Decimal Classification | ||||
| 2013-03-10 | 621.3916 M M M | 2011-09-21 | مكتبة كلية التمريض - طلاب (CNM) | 00048905 | مكتبة كلية التمريض - طلاب (CNM) | 2013-03-10 | كتاب | Dewey Decimal Classification | ||||
| 2013-03-10 | 621.3916 M M M | 2011-09-22 | مكتبة كلية التمريض - طلاب (CNM) | 00048908 | مكتبة كلية التمريض - طلاب (CNM) | 2013-03-10 | كتاب | Dewey Decimal Classification |
